00827nam a22002177a 450000500170000001000150001702000260003202000230005803500140008103700130009508200180010810000210012624500970014726000450024427000640028930000250035350000500037894200320042899900190046095201300047920161108150934.0 aENG-116471 c695.00a9780199463107 c695.00a0199463107 aEN-100003 bDBAD/PUB a362.880820954 aNalini Natarajan aThe unsafe sex :cby Nalini NatarajanbThe female binary and public violence against women / aNew DelhibOxford University Pressc2016 aYMCA Library Building, 1 Jai Singh Road,bNew Delhie110001 axxii,178p.c23cm(Hb) a Includes bibliographical reference and index 2ddccENmNALh362.880820954 c104535d104535 001040718NFICaDBADbBNd2016-11-08eDBAD/PUBg695.00l0o362.880820954 NALpEN-100003r2016-11-08 00:00:00t1v695.00yEN